000 00550nam a22001697a 4500
003 OSt
005 20260211150210.0
008 260211b |||||||| |||| 00| 0 eng d
040 _cMRSPTU
041 _aEnglish
100 _aArvind Kumar Saini, Supervisor: Dr. Manjeet Bansal
245 _aStudy of Cancer Causing Agents in the River Water of Ganges in Haridwar
260 _bDepartment of Civil Engg. MRSPTU, Bathinda
_c2019
650 _aCivil Engineering
856 _uhttp://163.47.215.52:8080/jspui/handle/123456789/282
942 _2ddc
_cTH
_n0
999 _c10896
_d10896